000 01002nam a2200313 a 4500
001 25967
003 CO-ViMGA
005 20230915232141.0
006 a4774953
008 141112s2004 ck r 000 u spa d
015 _aMON1007
017 _aM 18346 - 2010 Oficina Depósito Legal Madrid
020 _a9788473566902
035 _a(OCoLC)672588371
040 _aCO-ViMGA
_bspa
_cCO-ViMGA
080 _aMEVIGAPOR.738.52
082 0 4 _aMEVIGAPOR.738 O72s
100 1 _aOrense Fuentes, Miguel
_940519
245 1 0 _aSEO :
_bcómo triunfar en buscadores /
_cMiguel Orense Fuentes, con la colaboración de Octavio Isaac Rojas Orduña
250 _a2 ed.
260 _aPozuelo de Alarcón,
_cMadrid ESIC Editorial 2010
300 _a331 p. il., graf. 22 cm
490 _aDivulgación
650 1 4 _aBuscadores de Internet - Manuales
_940520
700 1 _aRojas Orduña, Octavio Isaac
_940521
926 _aBNMADRID SDB SDB 004.738.5 ORE SDB_PRESTA 1
942 _2ddc
_cBK
956 _a1 2
999 _c33203
_d33203